000
00349nam a22001577a 4500
020
_a
0-07-463599-9
041
_a
ENG
100
_a
Beer.F.P
245
_a
Vector Mechanics for Engineers ( Staics )
250
_a
3rd
260
_a
New Delhi
_b
Tata McGrow-Hill Publishing
_c
2000
300
_a
601
650
_a
FS
700
_a
Russell.E
856
_u
FS
999
_c
363
_d
363